Statistics for All BitLife Cities On A Map

Click here to take the quiz!

General Stats

  • This quiz has been taken 79 times
  • The average score is 132 of 349

Answers on the Map

Answers color-coded by a green-red scale on the quiz's map according to % correct below.
 

Answer Stats

CityCountry% Correct
SydneyAustralia
79%
LondonUnited Kingdom
77%
New YorkUnited States
77%
TokyoJapan
74%
BeijingChina
72%
Los AngelesUnited States
72%
MoscowRussia
72%
DelhiIndia
70%
CanberraAustralia
68%
TorontoCanada
68%
DublinIreland
66%
Mexico CityMexico
66%
MiamiUnited States
66%
ShanghaiChina
66%
CairoEgypt
64%
KabulAfghanistan
64%
OsloNorway
64%
ParisFrance
64%
St. PetersburgRussia
64%
BarcelonaSpain
62%
BerlinGermany
62%
HoustonUnited States
62%
KyivUkraine
62%
OttawaCanada
62%
Rio de JaneiroBrazil
62%
RomeItaly
62%
San FranciscoUnited States
62%
WashingtonUnited States
62%
WellingtonNew Zealand
62%
BrasíliaBrazil
60%
DallasUnited States
60%
DetroitUnited States
60%
DubaiUnited Arab Emirates
60%
MadridSpain
60%
OrlandoUnited States
60%
SeoulSouth Korea
60%
AthensGreece
57%
Cape TownSouth Africa
57%
ChicagoUnited States
57%
DenverUnited States
57%
Hong KongHong Kong
57%
JohannesburgSouth Africa
57%
MelbourneAustralia
57%
MumbaiIndia
57%
OsakaJapan
57%
SeattleUnited States
57%
TampaUnited States
57%
VancouverCanada
57%
WarsawPoland
57%
AnkaraTurkey
55%
BangkokThailand
55%
CopenhagenDenmark
55%
GlasgowUnited Kingdom
55%
HavanaCuba
55%
HelsinkiFinland
55%
IstanbulTurkey
55%
Las VegasUnited States
55%
PerthAustralia
55%
SingaporeSingapore
55%
StockholmSweden
55%
AlexandriaEgypt
53%
AlgiersAlgeria
53%
AmsterdamNetherlands
53%
AtlantaUnited States
53%
AustinUnited States
53%
BostonUnited States
53%
BrusselsBelgium
53%
CorkIreland
53%
FrankfurtGermany
53%
HamburgGermany
53%
JakartaIndonesia
53%
JerusalemIsrael
53%
KingstonJamaica
53%
PhiladelphiaUnited States
53%
PortlandUnited States
53%
SantiagoChile
53%
VeniceItaly
53%
ViennaAustria
53%
Buenos AiresArgentina
51%
Djibouti CityDjibouti
51%
EdinburghUnited Kingdom
51%
JacksonvilleUnited States
51%
ManchesterUnited Kingdom
51%
MunichGermany
51%
NairobiKenya
51%
PhoenixUnited States
51%
PortoPortugal
51%
PragueCzech Republic
51%
Quebec CityCanada
51%
San AntonioUnited States
51%
San DiegoUnited States
51%
São PauloBrazil
51%
UlaanbaatarMongolia
51%
Abu DhabiUnited Arab Emirates
49%
AstanaKazakhstan
49%
AucklandNew Zealand
49%
GuangzhouChina
49%
IslamabadPakistan
49%
Kansas CityUnited States
49%
KolkataIndia
49%
LimaPeru
49%
LisbonPortugal
49%
MilanItaly
49%
NaplesItaly
49%
New OrleansUnited States
49%
RiyadhSaudi Arabia
49%
TaipeiTaiwan
49%
Tel AvivIsrael
49%
AnchorageUnited States
47%
BaghdadIraq
47%
BelfastUnited Kingdom
47%
BogotáColombia
47%
BrisbaneAustralia
47%
CardiffUnited Kingdom
47%
DamascusSyria
47%
DhakaBangladesh
47%
DohaQatar
47%
EdmontonCanada
47%
FlorenceItaly
47%
KinshasaDR Congo
47%
MeccaSaudi Arabia
47%
MontrealCanada
47%
San JoseUnited States
47%
San JoséCosta Rica
47%
TehranIran
47%
Addis AbabaEthiopia
45%
AdelaideAustralia
45%
BelgradeSerbia
45%
BirminghamUnited Kingdom
45%
BucharestRomania
45%
BudapestHungary
45%
BusanSouth Korea
45%
CologneGermany
45%
HanoiVietnam
45%
Ho Chi Minh CityVietnam
45%
KarachiPakistan
45%
KrakowPoland
45%
La PazBolivia
45%
ManilaPhilippines
45%
MinneapolisUnited States
45%
Oklahoma CityUnited States
45%
Salt Lake CityUnited States
45%
BeirutLebanon
43%
CharlotteUnited States
43%
ChennaiIndia
43%
ClevelandUnited States
43%
HobartAustralia
43%
HyderabadIndia
43%
LiverpoolUnited Kingdom
43%
NassauBahamas
43%
NiceFrance
43%
ReginaCanada
43%
RotterdamNetherlands
43%
Santo DomingoDominican Republic
43%
SevilleSpain
43%
ZürichSwitzerland
43%
BernSwitzerland
40%
CasablancaMorocco
40%
DurbanSouth Africa
40%
FargoUnited States
40%
KathmanduNepal
40%
Kuwait CityKuwait
40%
LagosNigeria
40%
MonacoMonaco
40%
NagoyaJapan
40%
PittsburghUnited States
40%
QuitoEcuador
40%
TbilisiGeorgia
40%
WinnipegCanada
40%
ZagrebCroatia
40%
BaltimoreUnited States
38%
CalgaryCanada
38%
CancúnMexico
38%
CaracasVenezuela
38%
CharlestonUnited States
38%
CincinnatiUnited States
38%
Gold CoastAustralia
38%
HonoluluUnited States
38%
JeddahSaudi Arabia
38%
Kuala LumpurMalaysia
38%
MedellínColombia
38%
MilwaukeeUnited States
38%
MontevideoUruguay
38%
NewcastleAustralia | United Kingdom
38%
ShenzhenChina
38%
SucreBolivia
38%
TallinnEstonia
38%
WuhanChina
38%
AarhusDenmark
36%
AmmanJordan
36%
AntwerpBelgium
36%
BangaloreIndia
36%
BratislavaSlovakia
36%
BuffaloUnited States
36%
ColumbusUnited States
36%
FezMorocco
36%
HarareZimbabwe
36%
HiroshimaJapan
36%
KyotoJapan
36%
LahorePakistan
36%
LeedsUnited Kingdom
36%
Little RockUnited States
36%
MarrakeshMorocco
36%
MemphisUnited States
36%
NashvilleUnited States
36%
PisaItaly
36%
TucsonUnited States
36%
AleppoSyria
34%
AlmatyKazakhstan
34%
BaliIndonesia
34%
CaliColombia
34%
CórdobaArgentina
34%
DusseldorfGermany
34%
LyonFrance
34%
ManausBrazil
34%
OdessaUkraine
34%
OxfordUnited Kingdom
34%
SaskatoonCanada
34%
TangierMorocco
34%
The HagueNetherlands
34%
ValenciaSpain
34%
WichitaUnited States
34%
AberdeenUnited Kingdom
32%
BordeauxFrance
32%
BristolUnited Kingdom
32%
CambridgeUnited Kingdom
32%
ChattanoogaUnited States
32%
ChittagongBangladesh
32%
GenevaSwitzerland
32%
GothenburgSweden
32%
GuadalajaraMexico
32%
HalifaxCanada
32%
IzmirTurkey
32%
LuxorEgypt
32%
Panama CityPanama
32%
San JuanPuerto Rico
32%
TrondheimNorway
32%
TurinItaly
32%
Belo HorizonteBrazil
30%
BergenNorway
30%
BrnoCzech Republic
30%
FortalezaBrazil
30%
FukuokaJapan
30%
GenoaItaly
30%
GuayaquilEcuador
30%
KandaharAfghanistan
30%
MalmöSweden
30%
MombasaKenya
30%
MonterreyMexico
30%
MosulIraq
30%
OranAlgeria
30%
PhuketThailand
30%
StuttgartGermany
30%
Cabo San LucasMexico
28%
DonetskUkraine
28%
KobeJapan
28%
MálagaSpain
28%
Montego BayJamaica
28%
NantesFrance
28%
ToulouseFrance
28%
BarranquillaColombia
26%
BaselSwitzerland
26%
BrugesBelgium
26%
CuscoPeru
26%
DaeguSouth Korea
26%
DebrecenHungary
26%
ErbilIraq
26%
JuárezMexico
26%
KharkivUkraine
26%
SalzburgAustria
26%
SheffieldUnited Kingdom
26%
SplitCroatia
26%
CataniaItaly
23%
DubrovnikCroatia
23%
George TownMalaysia
23%
IncheonSouth Korea
23%
JaipurIndia
23%
OstravaCzech Republic
23%
YokohamaJapan
23%
ZaragozaSpain
23%
Da NangVietnam
21%
KowloonHong Kong
21%
MarseilleFrance
21%
Mbuji-MayiDR Congo
21%
NottinghamUnited Kingdom
21%
SwanseaUnited Kingdom
21%
WollongongAustralia
21%
GhentBelgium
19%
JalalabadAfghanistan
19%
LausanneSwitzerland
19%
LubumbashiDR Congo
19%
Monte CarloMonaco
19%
PoznanPoland
19%
RosarioArgentina
19%
BlackpoolUnited Kingdom
17%
DniproUkraine
17%
EindhovenNetherlands
17%
Punta CanaDominican Republic
17%
SantoriniGreece
17%
ShannonIreland
17%
SunderlandUnited Kingdom
17%
TijuanaMexico
17%
BrightonUnited Kingdom
15%
LeicesterUnited Kingdom
15%
PoncePuerto Rico
15%
ScrantonUnited States
15%
GizaEgypt
13%
Hai PhongVietnam
13%
IpswichUnited Kingdom
13%
KhulnaBangladesh
13%
LucerneSwitzerland
13%
PamplonaSpain
13%
PeshawarPakistan
13%
Quezon CityPhilippines
13%
ShymkentKazakhstan
13%
TransylvaniaRomania
13%
OstendBelgium
11%
Punta del EsteUruguay
11%
SaltoUruguay
11%
Can ThoVietnam
9%
NarayanganjBangladesh
9%
NogalesMexico
9%
NorwichUnited Kingdom
9%
Puerto VallartaMexico
9%
BethlehemIsrael
6%
BrooklynUnited States
6%
FallujahIraq
6%
Milton KeynesUnited Kingdom
6%
NancyFrance
6%
OaklandUnited States
6%
Puerto PlataDominican Republic
6%
SrinagarIndia
6%
TikritIraq
6%
ValdiviaChile
6%
WolverhamptonUnited Kingdom
6%
AbbotabadPakistan
4%
Al AhmadiKuwait
4%
GazipurBangladesh
4%
HalmstadSweden
4%
LuganoSwitzerland
4%
Machu PicchuPeru
4%
SowetoSouth Africa
4%
ComptonUnited States
2%
GangnamSouth Korea
2%
MazatlánMexico
2%
StainesUnited Kingdom
2%
Bien HaoVietnam
0%
RotaSpain
0%

Score Distribution

Percentile by Number Answered

Percent of People with Each Score

Your Score History

You have not taken this quiz